[Event "3rd VAM op"]
[Site "Hoogeveen NED"]
[Date "1999.10.23"]
[Round "9.7"]
[White "Hendriks, Richard V"]
[Black "Hulshof, Peter"]
[Result "1/2-1/2"]
[WhiteElo "2145"]
[BlackElo "2195"]
[EventDate "1999.10.15"]
[PlyCount "28"]

1.e4 g6 2.d4 c6 3.Nc3 d5 4.Nf3 Bg7 5.h3 Nf6 6.e5 Ne4 7.Nxe4 dxe4 8.Ng5 c5 
9.d5 Bxe5 10.Nxe4 O-O 11.Be2 Qc7 12.O-O e6 13.c4 exd5 14.cxd5 Bf5 1/2-1/2

[Event "3rd VAM op"]
[Site "Hoogeveen NED"]
[Date "1999.10.23"]
[Round "9.8"]
[White "Gofshtein, Leonid D"]
[Black "Neverov, Valeriy"]
[Result "1-0"]
[WhiteElo "2507"]
[BlackElo "2549"]
[EventDate "1999.10.15"]
[PlyCount "59"]

1.d4 d5 2.c4 c6 3.Nf3 Nf6 4.Nc3 e6 5.Bg5 h6 6.Bxf6 Qxf6 7.e3 Nd7 8.Bd3 
dxc4 9.Bxc4 g6 10.O-O Bg7 11.b4 O-O 12.a4 b6 13.a5 Rb8 14.axb6 axb6 15.Ra7
Bb7 16.Bd3 Qd8 17.Ne4 c5 18.Nd6 Bxf3 19.Qxf3 cxd4 20.exd4 Qe7 21.Ne4 Qd8 
22.Nd6 Qe7 23.Qg3 Ra8 24.Rc7 Ra3 25.Nb5 Rb3 26.Qf3 Qd8 27.Qb7 Ne5 28.Bc2 
Rxb4 29.dxe5 Rxb5 30.Bxg6 1-0

[Event "3rd VAM op"]
[Site "Hoogeveen NED"]
[Date "1999.10.23"]
[Round "9.9"]
[White "Werle, Jan"]
[Black "Bosch, Jeroen"]
[Result "0-1"]
[WhiteElo "2216"]
[BlackElo "2433"]
[EventDate "1999.10.15"]
[PlyCount "64"]

1.e4 c5 2.Nf3 Nc6 3.d4 cxd4 4.Nxd4 Nf6 5.Nc3 e5 6.Ndb5 d6 7.Bg5 a6 8.Na3 
b5 9.Nd5 Be7 10.Bxf6 Bxf6 11.c3 Ne7 12.Nxe7 Bxe7 13.Nc2 Bb7 14.Qd3 d5 15.
exd5 Qxd5 16.Qxd5 Bxd5 17.Ne3 Bc6 18.Nf5 Bf6 19.O-O-O Rd8 20.Rxd8+ Kxd8 
21.c4 Kc7 22.cxb5 axb5 23.Bd3 Bxg2 24.Rg1 Bc6 25.Nxg7 e4 26.Bc2 Bd4 27.Rg4
Bxf2 28.Rxe4 Bxe4 29.Bxe4 Kd6 30.a3 Ke5 31.Bd3 Kf6 32.Nf5 Rd8 0-1

[Event "3rd VAM op"]
[Site "Hoogeveen NED"]
[Date "1999.10.23"]
[Round "9.10"]
[White "Jonkman, Harmen"]
[Black "Westerinen, Heikki"]
[Result "1-0"]
[WhiteElo "2421"]
[BlackElo "2382"]
[EventDate "1999.10.15"]
[PlyCount "123"]

1.e4 e5 2.Nf3 Nc6 3.Bc4 Nf6 4.d3 Be7 5.O-O O-O 6.Re1 d6 7.c3 Na5 8.Bb5 a6 
9.Ba4 b5 10.Bc2 c5 11.Nbd2 Nc6 12.Nf1 Re8 13.h3 h6 14.d4 cxd4 15.cxd4 Bf8 
16.Ng3 g6 17.Be3 Bb7 18.d5 Nb8 19.a4 bxa4 20.Qd2 Kh7 21.Rxa4 Nbd7 22.Rea1 
Qc7 23.Bd3 Nc5 24.Rc4 a5 25.Bxc5 dxc5 26.Rca4 Bd6 27.Qc3 Reb8 28.Nd2 Nd7 
29.Ngf1 Bc8 30.Ne3 Rb4 31.Nec4 Nb6 32.Rxa5 Na4 33.Qxb4 cxb4 34.Rxa8 Nc5 
35.Be2 Bb7 36.R8a7 Kg7 37.Nxd6 Qxd6 38.Nc4 Qb8 39.Nd2 Bc8 40.R7a5 Qc7 41.
Rb5 Nb7 42.Nc4 Nc5 43.Nd2 Nb7 44.Bd3 Nd6 45.Rxb4 Qc5 46.Rb3 Bd7 47.Nf3 Bb5
48.Bxb5 Nxb5 49.Nxe5 Nd6 50.Re3 Qd4 51.Nf3 Qxb2 52.Rd1 Qc2 53.Rd2 Qc5 54.
e5 Nc4 55.Rc3 Qb4 56.Rxc4 Qxc4 57.d6 Qc1+ 58.Kh2 Qc8 59.d7 Qd8 60.Rd6 h5 
61.e6 fxe6 62.Nd4 1-0

[Event "3rd VAM op"]
[Site "Hoogeveen NED"]
[Date "1999.10.23"]
[Round "9.13"]
[White "Reinderman, Dimitri"]
[Black "Berelowitsch, Alexander"]
[Result "0-1"]
[WhiteElo "2525"]
[BlackElo "2468"]
[EventDate "1999.10.15"]
[PlyCount "80"]

1.f4 d5 2.Nf3 Nc6 3.e3 Bg4 4.Bb5 Qd7 5.d4 a6 6.Be2 Bxf3 7.Bxf3 e6 8.O-O 
Nf6 9.Nd2 Be7 10.c3 O-O 11.e4 dxe4 12.Nxe4 Nxe4 13.Bxe4 Bf6 14.f5 e5 15.d5
Ne7 16.c4 Rfd8 17.Be3 Nc8 18.c5 Ne7 19.c6 bxc6 20.dxc6 Qe8 21.Qa4 Nd5 22.
Bf2 Bg5 23.Rfd1 Nf6 24.Rd7 Rab8 25.Rxc7 Rxb2 26.Re1 Bd2 27.Re2 Rb4 28.Qc2 
Nxe4 29.a3 Nc3 30.Rxd2 Rb1+ 31.Qxb1 Nxb1 32.Rdd7 Nxa3 33.Bc5 Nb5 34.Rxd8 
Qxd8 35.Rd7 Qa5 36.h3 h5 37.Kh2 h4 38.Be7 Qc3 39.c7 Nxc7 40.Bxh4 f6 0-1

[Event "3rd VAM op"]
[Site "Hoogeveen NED"]
[Date "1999.10.23"]
[Round "9.14"]
[White "Pel, Bonno"]
[Black "Van Delft, Merijn"]
[Result "1/2-1/2"]
[WhiteElo "2224"]
[BlackElo "2323"]
[EventDate "1999.10.15"]
[PlyCount "55"]

1.Nc3 c6 2.e4 d5 3.d4 dxe4 4.Nxe4 Bf5 5.Ng3 Bg6 6.h4 h6 7.h5 Bh7 8.Nf3 Nf6
9.Bd3 Bxd3 10.Qxd3 e6 11.Bf4 Qa5+ 12.Kf1 Nbd7 13.c4 Be7 14.Ne5 O-O 15.Nxd7
Nxd7 16.a3 Nf6 17.Re1 Rfe8 18.Rh3 b5 19.c5 Qd8 20.Ne4 Nxe4 21.Qxe4 Qd7 22.
Be5 f6 23.Rg3 fxe5 24.Rxg7+ Kxg7 25.Qg6+ Kh8 26.Qxh6+ Kg8 27.Qg6+ Kh8 28.
Qh6+ 1/2-1/2

[Event "3rd VAM op"]
[Site "Hoogeveen NED"]
[Date "1999.10.23"]
[Round "9.15"]
[White "Erwich, Frank"]
[Black "Hendriks, Willy"]
[Result "1/2-1/2"]
[WhiteElo "2196"]
[BlackElo "2378"]
[EventDate "1999.10.15"]
[PlyCount "77"]

1.e4 c5 2.c4 Nc6 3.Ne2 g6 4.d4 cxd4 5.Nxd4 Nf6 6.Nc3 d6 7.Be2 Nxd4 8.Qxd4 
Bg7 9.Be3 O-O 10.Qd2 Be6 11.O-O Qa5 12.Rfc1 Rfc8 13.b3 a6 14.Rab1 Rab8 15.
f3 Nd7 16.b4 Qd8 17.Nd5 Bxd5 18.Qxd5 Rc6 19.Qd2 Rbc8 20.a4 Qc7 21.b5 axb5 
22.axb5 Rc5 23.Bxc5 Qxc5+ 24.Kh1 Ra8 25.Qd5 Qxd5 26.cxd5 Nc5 27.b6 Bd4 28.
Bb5 Kg7 29.h3 h5 30.Rc2 h4 31.Bc6 Kf6 32.Rc4 Be3 33.Rc3 Bd4 34.Rc4 Be3 35.
Re1 Bf2 36.Rf1 Be3 37.Re1 Bf2 38.Rf1 Be3 39.Re1 1/2-1/2

[Event "3rd VAM op"]
[Site "Hoogeveen NED"]
[Date "1999.10.23"]
[Round "9.16"]
[White "Klinova, Masha"]
[Black "Vedder, Richard"]
[Result "1-0"]
[WhiteElo "2359"]
[BlackElo "2234"]
[EventDate "1999.10.15"]
[PlyCount "27"]

1.e4 c5 2.Nf3 e6 3.c4 Nc6 4.Nc3 a6 5.Be2 Qc7 6.d4 cxd4 7.Nxd4 Nf6 8.Be3 
Ne5 9.Rc1 Bb4 10.f3 Nxc4 11.Bxc4 Qxc4 12.Kf2 Bxc3 13.Rxc3 Qxa2 14.Qc2 1-0

[Event "3rd VAM op"]
[Site "Hoogeveen NED"]
[Date "1999.10.23"]
[Round "9.17"]
[White "Bosboom, Manuel"]
[Black "Podgaets, Mikhail"]
[Result "1/2-1/2"]
[WhiteElo "2476"]
[BlackElo "2490"]
[EventDate "1999.10.15"]
[PlyCount "121"]

1.c4 e5 2.Nc3 Nf6 3.Nf3 Nc6 4.e3 Bb4 5.Qc2 O-O 6.Nd5 Re8 7.Qf5 d6 8.Nxf6+ 
Qxf6 9.Qxf6 gxf6 10.a3 Bc5 11.b4 Bb6 12.Bb2 a5 13.b5 Ne7 14.g4 Ng6 15.Rg1 
Be6 16.h4 e4 17.h5 exf3 18.hxg6 fxg6 19.Bxf6 c6 20.g5 cxb5 21.cxb5 Rac8 
22.Rg3 Bd5 23.Bh3 Rc2 24.Bg4 Bxe3 25.dxe3 Rxe3+ 26.Kf1 Rxa3 27.Re1 Rd3 28.
Kg1 a4 29.Rh3 a3 30.Bd7 Bf7 31.Rh4 Rc4 32.Rxc4 Bxc4 33.Re8+ Kf7 34.Re7+ 
Kf8 35.Rxh7 a2 36.Rh8+ Kf7 37.Ra8 Rd2 38.Be8+ Ke6 39.Bxg6 d5 40.Bc3 Rd1+ 
41.Kh2 Rc1 42.Bb2 Rb1 43.Bd4 Rd1 44.Bg7 d4 45.Bh7 Kd7 46.Bf5+ Kd6 47.Be4 
Kc5 48.Bxb7 a1=Q 49.Rxa1 Rxa1 50.Bxf3 Bd5 51.Kg2 d3 52.Bc3 Kc4 53.Bd2 
Bxf3+ 54.Kxf3 Kxb5 55.Ke4 Kc4 56.f4 Rd1 57.Ke3 Rg1 58.Kf2 Rd1 59.Ke3 Rg1 
60.Kf2 Rd1 61.Ke3 1/2-1/2

[Event "3rd VAM op"]
[Site "Hoogeveen NED"]
[Date "1999.10.23"]
[Round "9.18"]
[White "Porrasmaa, Timo"]
[Black "Van der Veen, Jan"]
[Result "1-0"]
[WhiteElo "2152"]
[BlackElo "2090"]
[EventDate "1999.10.15"]
[PlyCount "70"]

1.d4 Nf6 2.Nf3 g6 3.Bg5 Bg7 4.c3 O-O 5.Nbd2 d6 6.e4 Nbd7 7.Bc4 h6 8.Bh4 e5
9.dxe5 dxe5 10.O-O Qe8 11.Re1 Nh5 12.b4 Bf6 13.Bg3 Nb6 14.Bf1 a5 15.a3 
Nxg3 16.hxg3 Be6 17.Qc2 Qa4 18.Qb2 Qc6 19.Qc2 Nd7 20.Bd3 Be7 21.Nf1 f6 22.
Ne3 Kg7 23.Nd5 Bd6 24.Ne3 b6 25.Nd2 axb4 26.axb4 Rxa1 27.Rxa1 Ra8 28.Qb2 
Qb7 29.Nb1 c6 30.Nd2 h5 31.Bc4 Nf8 32.Ra3 Rxa3 33.Qxa3 b5 34.Bb3 Qd7 35.
Qa2 Bxb3 1-0

[Event "3rd VAM op"]
[Site "Hoogeveen NED"]
[Date "1999.10.23"]
[Round "9.21"]
[White "Remmel, Tim"]
[Black "Tare, Marenglan"]
[Result "1-0"]
[WhiteElo "2201"]
[BlackElo "2139"]
[EventDate "1999.10.15"]
[PlyCount "41"]

1.e4 c6 2.Ne2 d5 3.e5 e6 4.d4 c5 5.c3 Nc6 6.Nd2 Qb6 7.Nf3 cxd4 8.cxd4 Bb4+
9.Bd2 Nge7 10.g3 Nf5 11.Bh3 Nfxd4 12.Nexd4 Nxd4 13.Nxd4 Qxd4 14.Qa4+ Bd7 
15.Qxb4 Qxe5+ 16.Be3 Bc6 17.O-O a5 18.Qd4 Qxd4 19.Bxd4 O-O 20.f4 Rfe8 21.
Rfe1 1-0

[Event "3rd VAM op"]
[Site "Hoogeveen NED"]
[Date "1999.10.23"]
[Round "9.22"]
[White "De Jong, Migchiel"]
[Black "Markus, John Raymond"]
[Result "1-0"]
[WhiteElo "2317"]
[BlackElo "2156"]
[EventDate "1999.10.15"]
[PlyCount "82"]

1.e4 e5 2.Nf3 Nc6 3.Bb5 a6 4.Ba4 Nf6 5.O-O b5 6.Bb3 Bc5 7.a4 Bb7 8.d3 d6 
9.c3 h6 10.Na3 O-O 11.Bd2 Bxa3 12.Rxa3 d5 13.Bc2 Re8 14.Qe2 d4 15.Rfa1 Qd6
16.Nh4 Ne7 17.c4 g5 18.Nf3 bxc4 19.dxc4 Ng6 20.g3 c5 21.Ba5 Qe6 22.Ne1 Qh3
23.Rb3 Bc6 24.Rb6 Re6 25.f3 g4 26.Bd2 Kh8 27.fxg4 Nxg4 28.Qg2 Qh5 29.h3 
Ne3 30.Bxe3 dxe3 31.Bd1 e2 32.Bxe2 Qg5 33.Kh2 Rg8 34.Qf2 Rf6 35.Nf3 Bxe4 
36.Rxf6 Qxf6 37.Qe3 Nf4 38.Qxe4 Nxe2 39.Qxe2 e4 40.Nh4 Rb8 41.Rb1 Rd8 1-0

[Event "3rd VAM op"]
[Site "Hoogeveen NED"]
[Date "1999.10.23"]
[Round "9.23"]
[White "Brodsky, Mikhail"]
[Black "Blees, Albert"]
[Result "1-0"]
[WhiteElo "2512"]
[BlackElo "2410"]
[EventDate "1999.10.15"]
[PlyCount "87"]

1.e4 e6 2.d3 c5 3.Nf3 Nc6 4.c3 g6 5.d4 d5 6.e5 Bd7 7.Be2 f6 8.h4 fxe5 9.
dxe5 Qc7 10.h5 Nxe5 11.Nxe5 Qxe5 12.Be3 g5 13.Nd2 h6 14.Nf3 Qc7 15.b4 b6 
16.bxc5 bxc5 17.Bd3 Ne7 18.Rc1 Bg7 19.Bb1 Rb8 20.O-O O-O 21.Qc2 Nf5 22.Nh2
e5 23.g4 Rxb1 24.Rxb1 Nh4 25.f4 e4 26.Qd2 d4 27.cxd4 cxd4 28.Bxd4 Qd6 29.
Rbd1 Bb5 30.Bxg7 Qxd2 31.Rxd2 Kxg7 32.Rb1 e3 33.Rd4 Bc6 34.Rc1 gxf4 35.
Rxc6 f3 36.Rd7+ Kg8 37.Re6 e2 38.Kf2 Ng2 39.Rg6+ Kh8 40.Rxh6+ Kg8 41.Rg6+ 
Kh8 42.Re6 Nf4 43.Rh6+ Kg8 44.Nxf3 1-0

[Event "3rd VAM op"]
[Site "Hoogeveen NED"]
[Date "1999.10.23"]
[Round "9.25"]
[White "Jonitz, Jens"]
[Black "Plasman, Hans"]
[Result "1-0"]
[WhiteElo "2316"]
[BlackElo "2152"]
[EventDate "1999.10.15"]
[PlyCount "87"]

1.e4 e5 2.Nf3 Nc6 3.Bb5 f5 4.Nc3 fxe4 5.Nxe4 Nf6 6.Qe2 d5 7.Nxf6+ gxf6 8.
d4 Bg7 9.dxe5 O-O 10.Bxc6 bxc6 11.e6 Qd6 12.O-O Re8 13.Be3 c5 14.Qd2 Bxe6 
15.c3 Rad8 16.h3 Bc8 17.Qc2 Re4 18.Rfe1 Kh8 19.Qb3 Rg8 20.Rad1 c6 21.Bc1 
Qe7 22.Bf4 f5 23.Qb8 Bf6 24.Qc7 Qxc7 25.Bxc7 Rge8 26.Bd6 Ba6 27.Rc1 d4 28.
Bxc5 dxc3 29.bxc3 Rxe1+ 30.Rxe1 Rxe1+ 31.Nxe1 Bxc3 32.Nf3 Bc4 33.a3 a6 34.
Bd4+ Bxd4 35.Nxd4 Kg7 36.Nxf5+ Kf6 37.Ne3 Be6 38.f4 Ke7 39.Kf2 Kd6 40.Kf3 
Kc5 41.Ke4 Kb5 42.f5 Bb3 43.Kd4 Ka4 44.Nc4 1-0